<?xml version="1.0" encoding="UTF-8"?>
<record
    xmlns:xsi="http://www.w3.org/2001/XMLSchema-instance"
    xsi:schemaLocation="http://www.loc.gov/MARC21/slim http://www.loc.gov/standards/marcxml/schema/MARC21slim.xsd"
    xmlns="http://www.loc.gov/MARC21/slim">

  <leader>00981cam a2200229 a 4500</leader>
  <controlfield tag="001">000001202</controlfield>
  <controlfield tag="005">20200929145515.0</controlfield>
  <controlfield tag="008">750225s1966    ve            000 0 spa  </controlfield>
  <datafield tag="040" ind1=" " ind2=" ">
    <subfield code="a">DO-SdBNP</subfield>
    <subfield code="b">spa</subfield>
    <subfield code="c">BNPHU</subfield>
  </datafield>
  <datafield tag="082" ind1=" " ind2=" ">
    <subfield code="a">907.2</subfield>
    <subfield code="b">B224M</subfield>
  </datafield>
  <datafield tag="100" ind1="1" ind2=" ">
    <subfield code="a">Mieres, Antonio</subfield>
    <subfield code="9">4101</subfield>
  </datafield>
  <datafield tag="245" ind1="1" ind2="0">
    <subfield code="a">Tres autores en la historia de Baralt /</subfield>
    <subfield code="c">Antonio Mieres ; pr&#xF3;logo, Eduardo Arcila Far&#xED;as.</subfield>
  </datafield>
  <datafield tag="260" ind1=" " ind2=" ">
    <subfield code="a">Caracas :</subfield>
    <subfield code="b">Facultad de Humanidades y Educaci&#xF3;n. Instituto de Estudios Hispanoamericanos. Universidad Central de Venezuela,</subfield>
    <subfield code="c">1966.</subfield>
  </datafield>
  <datafield tag="300" ind1=" " ind2=" ">
    <subfield code="a">175 p. ;</subfield>
    <subfield code="c">24 cm.</subfield>
  </datafield>
  <datafield tag="504" ind1=" " ind2=" ">
    <subfield code="a">Incluye notas al pie de las p&#xE1;ginas</subfield>
  </datafield>
  <datafield tag="600" ind1="1" ind2="4">
    <subfield code="a">BARALT, RAFAEL MAR&#xCD;A,</subfield>
    <subfield code="d">1810-1860.</subfield>
    <subfield code="x">CR&#xCD;TICA E INTERPRETACI&#xD3;N</subfield>
    <subfield code="9">4102</subfield>
  </datafield>
  <datafield tag="600" ind1="1" ind2="4">
    <subfield code="a">OVIEDO Y BA&#xD1;OS, JOS&#xC9;,</subfield>
    <subfield code="d">1671-1738.</subfield>
    <subfield code="9">4103</subfield>
  </datafield>
  <datafield tag="651" ind1=" " ind2="4">
    <subfield code="a">Venezuela</subfield>
    <subfield code="x">Historiograf&#xED;a</subfield>
    <subfield code="9">4104</subfield>
  </datafield>
  <datafield tag="600" ind1="1" ind2="4">
    <subfield code="a">JOSEPH DE PONS, FRANCOIS RAYMOND,</subfield>
    <subfield code="d">1751-1812.</subfield>
    <subfield code="9">4105</subfield>
  </datafield>
  <datafield tag="600" ind1="1" ind2="4">
    <subfield code="a">MONTENEGRO COL&#xD3;N, FELICIANO,</subfield>
    <subfield code="d">1781-1853.</subfield>
    <subfield code="9">4106</subfield>
  </datafield>
  <datafield tag="700" ind1="1" ind2=" ">
    <subfield code="a">Arcila Far&#xED;as, Eduardo,</subfield>
    <subfield code="e">pr&#xF3;l.</subfield>
    <subfield code="9">4107</subfield>
  </datafield>
  <datafield tag="952" ind1=" " ind2=" ">
    <subfield code="0">0</subfield>
    <subfield code="1">0</subfield>
    <subfield code="5">2</subfield>
    <subfield code="7">5</subfield>
    <subfield code="8">DS</subfield>
    <subfield code="a">BNPHU</subfield>
    <subfield code="b">BNPHU</subfield>
    <subfield code="c">HD</subfield>
    <subfield code="d">2009-07-10</subfield>
    <subfield code="i">LF1</subfield>
    <subfield code="l">0</subfield>
    <subfield code="o">907.2 B224M</subfield>
    <subfield code="p">1202-10</subfield>
    <subfield code="r">2020-06-25</subfield>
    <subfield code="w">2020-06-25</subfield>
    <subfield code="y">LF1</subfield>
    <subfield code="Z">Pr&#xE9;stamo interno</subfield>
  </datafield>
  <datafield tag="999" ind1=" " ind2=" ">
    <subfield code="c">1152</subfield>
    <subfield code="d">1152</subfield>
  </datafield>
</record>
